| 000 | 00932nam a2200265 a 4500 | ||
|---|---|---|---|
| 001 | BRL_1404 | ||
| 005 | 20190320211203.0 | ||
| 008 | 130114s1997----u--o######---#000-0#eng-# | ||
| 020 | _a0826317952 | ||
| 041 | _aeng | ||
| 044 | _au | ||
| 050 | 4 |
_aF1219.1.J63 _b.N35 1997 |
|
| 100 | 1 |
_aNájera-Ramírez, Olga _926790 |
|
| 245 | 1 | 0 |
_aLa fiesta de los Tastoanes _bcritical encounters in mexican festival performance _cOlga Nájera-Ramírez. |
| 260 |
_aAlbuquerque _bUniversity of New Mexico _c1997 |
||
| 300 |
_aviii, 187 p. _bil., fotografías (blanco y negro) _c24 cm. |
||
| 500 | _aAu1684 | ||
| 504 | _aBibliografía: p. 163-181 | ||
| 650 | 1 | 4 |
_aIndígenas de México _xRitos y ceremonias _zJocotán _926791 |
| 650 | 1 | 4 |
_aIndígenas de México _xReligión _zJocotán _926792 |
| 650 | 1 | 4 |
_aFestivales _zJocotán (México) _926793 |
| 651 | 4 |
_aJocotán (México) _xVida social y costumbres _926794 |
|
| 902 | _aGRL | ||
| 942 |
_2lcc _cB |
||
| 999 |
_c10214 _d10214 |
||